Zambia's ancient rock art: the painting of Kasama (Record no. 62431)

MARC details
000 -LEADER
fixed length control field 00569nam a2200145 a 4500
008 - FIXED-LENGTH DATA ELEMENTS--GENERAL INFORMATION
fixed length control field 070612s1997 ||||||||||||||||| || u
050 ## - LIBRARY OF CONGRESS CALL NUMBER
Classification number ND 130 Smi
100 ## - MAIN ENTRY--PERSONAL NAME
Personal name Smith, Benjamin W
245 10 - TITLE STATEMENT
Title Zambia's ancient rock art: the painting of Kasama
260 ## - PUBLICATION, DISTRIBUTION, ETC.
Place of publication, distribution, etc. Livingstone
Name of publisher, distributor, etc. National Heritage Conservation Commission of Zambia
Date of publication, distribution, etc. 1997
300 ## - PHYSICAL DESCRIPTION
Extent 60p.:ill.
350 ## - PRICE (NR) (BK AM CF MU VM SE) [OBSOLETE]
Price 0.00
650 ## - SUBJECT ADDED ENTRY--TOPICAL TERM
Topical term or geographic name entry element NATIONAL HERITAGE--ZAMBIA
995 ## - RECOMMENDATION 995 [LOCAL, UNIMARC FRANCE]
-- 0.00
-- CBU-MAIN LIBRARY (Kitwe)
-- 1
-- 0.00
-- 1
-- AVAILABLE
-- Jun 12, 2007
-- Zambiana Collection
Holdings
Withdrawn status Lost status Source of classification or shelving scheme Damaged status Not for loan Home library Current library Shelving location Date acquired Total Checkouts Full call number Barcode Date last seen Price effective from Koha item type
          CBU-MAIN LIBRARY, KITWE. CBU-MAIN LIBRARY, KITWE.   11/30/2022   ND 130 Smi 027711 11/30/2022 11/30/2022 MONOGRAPH